| 000 | 00842nam a2200205Ia 4500 | ||
|---|---|---|---|
| 001 | 1696 | ||
| 003 | GE_BSU | ||
| 008 | 181216s||||||||xx |||||||||||||| ||und|| | ||
| 040 | _cGE_BSU | ||
| 080 | _a821.353.1 | ||
| 245 | _aვეფხისტყაოსნის სიმფონია | ||
| 245 | _bძველი ქართული ენის კათედრის შომები.3 | ||
| 245 | _cშედგენილია აკ. შანიძის ხელმძღვანელობით და შესავალით. | ||
| 260 | _aთბილისი | ||
| 260 | _bთბილისის სახ. უნ–ტის გამ–ბა | ||
| 260 | _c1956 | ||
| 300 | _a428 გვ. 24 სმ. | ||
| 653 | _aვეფხისტყაოსნის სიმფონია | ||
| 942 | _cBK | ||
| 999 |
_c35808 _d35808 |
||